Produktivita - vstupenka do tretieho tisícročia
Riešenie otázok produktivity, potreba aktivovania národného hnutia za zvyšovanie produktivity, motorom hnutia musí byť predovšetkým tripartita. Národné centrum produktivity (NCP) a okruh aktivít. Zviazanosť stupňa aktivít NCP so stupňom priemyselného rozvoja štátu. Poznatky z národných centier produ...
Enregistré dans:
| Auteur principal: | |
|---|---|
| Autres auteurs: | |
| Format: | Chapitre de livre |
| Langue: | slovaque |
| Sujets: | |
| Tags: |
Pas de tags, Soyez le premier à ajouter un tag!
|
MARC
| LEADER | 00000naa a2200000 4500 | ||
|---|---|---|---|
| 001 | r039985 | ||
| 005 | 20231002120913.8 | ||
| 041 | 0 | |a slo | |
| 044 | |a SK | ||
| 245 | 1 | 0 | |a Produktivita - vstupenka do tretieho tisícročia |c Branislav Mičieta, Patrik Grznár |
| 520 | |a Riešenie otázok produktivity, potreba aktivovania národného hnutia za zvyšovanie produktivity, motorom hnutia musí byť predovšetkým tripartita. Národné centrum produktivity (NCP) a okruh aktivít. Zviazanosť stupňa aktivít NCP so stupňom priemyselného rozvoja štátu. Poznatky z národných centier produktivity v jednotlivých ázijských krajinách. | ||
| 610 | 2 | 0 | |a produktivita |
| 610 | 2 | 0 | |a Národné centrum produktivity |
| 610 | 2 | 0 | |a programy rozvojové |
| 610 | 2 | 0 | |a stratégia hospodárska |
| 610 | 2 | 0 | |a tripartita |
| 610 | 2 | 0 | |a krajiny rozvojové |
| 610 | 2 | 0 | |a Ázia |
| 100 | 1 | |a Mičieta, Branislav | |
| 700 | 1 | |a Grznár, Patrik | |